000 00176nam a2200085Ia 4500
100 _a#N/A
942 _cBK
245 _aProgramming for mobile and remote computer
260 _b#N/A
999 _c25834
_d25834